00342pab a2200121 454500008004000000100002100040245009200061260000900153300001300162362001000175650001800185773001700203180718b2003 xxu||||| |||| 00| 0 eng d aWeissman, Robert aGrotesque inequality - corporate globalization and the global gap between rich and poor c2003 ap.13-16. a1 Nov aGlobalization aYoung Indian